| 000 | 01071nam a2200265 i 4500 | ||
|---|---|---|---|
| 001 | 89323 | ||
| 003 | ES-MaACL | ||
| 005 | 20250823095835.0 | ||
| 007 | t| | ||
| 008 | 050110s1906 sp ||||1| spa d | ||
| 040 | _cES-MaACL | ||
| 080 | _a78:37.02 | ||
| 100 | 1 |
_aLarregla, Joaquín, _d1865-1945 _970346 _eaut |
|
| 245 | 1 | 0 |
_aDiscursos leídos ante la Real Academia de Bellas Artes en la recepción pública del Sr. D. Joaquín Larregla y Urbieta el día 11 de noviembre de 1906 /
_c[contestación del Sr. D. Cecilio de Roda] |
| 260 |
_aMadrid : _b[s.n.], _c1906 ( _fImp. Alemana) |
||
| 300 |
_a38 p. ; _c26 cm. |
||
| 520 | _aTema: Influencia del pianista-compositor en la educación artístico-musical de los pueblos | ||
| 650 | 4 |
_aMúsica- _xEstudio y enseñanza _915383 |
|
| 700 | 1 |
_aRoda, Cecilio de, _d1865-1912 _eaut _9227158 |
|
| 710 | 2 |
_aReal Academia de Bellas Artes de San Fernando. _96291 |
|
| 852 |
_aES-MaACL _jL-4913(21-8) |
||
| 942 |
_cMONOGRAFIA _n0 |
||
| 999 |
_c89323 _d89323 |
||